00314nam a22001217a 4500082002000000100001800020100001500038245002500053250000600078260006000084300000900144500003900153 a624.171bRAM/TH aRamamrutham S aNarayan R. aTheory of Structures a9 aNew DelhibDhanpat Rai Publishing Company (P) Ltdc2013 a1272 a New, Revised and Enlarged Edition